| 000 | 00406nam a2200169Ia 4500 | ||
|---|---|---|---|
| 003 | 0STCL | ||
| 008 | 150530s9999 xx 000 0 und d | ||
| 040 |
_aSTCL _cSTCL |
||
| 100 | _aHari charan Sharma | ||
| 245 | _aSarveshawar Ka kavya Samveda Aur Sampreshan | ||
| 260 |
_bPanch Sheel ; Jaipur _c1980 |
||
| 300 | _a0 | ||
| 546 | _aHindi | ||
| 942 |
_2ddc _cBK |
||
| 999 |
_c65006 _d65006 |
||
| 005 | 20220125171257.0 | ||